000 00366nam a2200145Ia 4500
008 230917s9999||||xx |||||||||||||| ||und||
040 _e120850
_aMAIN
041 _aEnglish
082 _a823.09 M294P:F
100 _aPadmanbhan, A
245 0 _aFictonal world of Manohar Malgokar
260 _aDelhi
_bAtlantic Publishers
_c2002
300 _a150 p.
942 _cBK
999 _c143762
_d143762